Berühmte Schweizer - Bildquiz - Statistiken

Allgemein
  • Dieses Quiz wurde 378 mal gespielt
  • Das Durchschnittsergebnis liegt bei 4 aus 9
Antwortstatistiken
Bildquiz Hint Antwort % Korrekt
Experte Schütze Wilhelm Tell
94%
Athlete Roger Federer
91%
Fußballspieler Granit Xhaka
64%
Weltberühmter Künstler Paul Klee
46%
Das Bond-Girl Ursula Andress
37%
Weltberühmter Architekt Le Corbusier
24%
Philosoph, Schriftsteller und Komponist Jean-Jacques Rousseau
17%
Gründer der analytischen Psychologie Carl Jung
16%
Schauspielerin, Sängerin, Tänzerin und Model Kat Graham
3%
Keine übereinstimmenden Quizze gefunden
Verteilung der Resultate
Anzahl Personen mit jedem Resultat
Perzentil nach korrekt beantworteten Fragen
Ihre Resultats-Entwicklung
Sie haben dieses Quiz noch nicht gespielt